[Event "HUN-chT2 Charousek 1718"]
[Site "Hungary"]
[Date "2018.01.28"]
[Round "5.7"]
[White "Dobos, Jozsef"]
[Black "Kovacs, Elod"]
[Result "1/2-1/2"]
[WhiteElo "2274"]
[BlackElo "2089"]
[PlyCount "30"]
[EventDate "2017.10.29"]
[EventType "team-tourn"]
[EventRounds "9"]
[EventCountry "HUN"]
[SourceTitle "EXT 2021"]
[Source "ChessBase"]
[SourceDate "2020.10.23"]
[SourceVersion "1"]
[SourceVersionDate "2020.10.23"]
[SourceQuality "1"]
[WhiteTeam "Csuti Hydro"]
[BlackTeam "Balatonfuered"]
[WhiteTeamCountry "HUN"]
[BlackTeamCountry "HUN"]

1. Nc3 d5 2. e4 c6 3. Nf3 Bg4 4. h3 Bh5 5. exd5 cxd5 6. g4 Bg6 7. Ne5 Nc6 8. d4 e6 9. h4 f6 10. h5 Bf7 11. Nxf7 Kxf7 12. Ne2 Bd6 13. c3 Qc7 14. Bh3 Nge7 15. Be3 b5 1/2-1/2

[Event "Banska Stiavnica V4 op"]
[Site "Banska Stiavnica"]
[Date "2017.07.10"]
[Round "3"]
[White "Redzisz, Michal"]
[Black "Kovacs, Elod"]
[Result "1/2-1/2"]
[WhiteElo "1954"]
[BlackElo "2111"]
[PlyCount "20"]
[EventDate "2017.07.08"]
[EventType "swiss"]
[EventRounds "9"]
[EventCountry "SVK"]
[SourceTitle "CBM 179 Extra"]
[Source "ChessBase"]
[SourceDate "2017.08.23"]
[SourceVersion "1"]
[SourceVersionDate "2017.08.23"]
[SourceQuality "1"]

1. e4 c6 2. Nc3 d5 3. Nf3 Bg4 4. h3 Bxf3 5. Qxf3 e6 6. d4 Nf6 7. Bg5 Be7 8. e5 Nfd7 9. Bxe7 Qxe7 10. 0-0-0 a6 1/2-1/2

[Event "Banska Stiavnica V4 op"]
[Site "Banska Stiavnica"]
[Date "2016.07.09"]
[Round "8"]
[White "Milcova, Zuzana"]
[Black "Kovacs, Elod"]
[Result "1/2-1/2"]
[WhiteElo "2002"]
[BlackElo "2101"]
[PlyCount "76"]
[EventDate "2016.07.02"]
[EventType "swiss"]
[EventRounds "9"]
[EventCountry "SVK"]
[SourceTitle "CBM 173 Extra"]
[Source "ChessBase"]
[SourceDate "2016.08.29"]
[SourceVersion "1"]
[SourceVersionDate "2016.08.29"]
[SourceQuality "1"]

1. e4 c6 2. d4 d5 3. Nd2 dxe4 4. Nxe4 Bf5 5. Ng3 Bg6 6. Nf3 Nf6 7. Bd3 Bxd3 8. Qxd3 Qa5+ 9. Bd2 Qa6 10. Qxa6 Nxa6 11. 0-0 e6 12. a3 Bd6 13. Rfe1 0-0 14. Ne4 Nxe4 15. Rxe4 Rfd8 16. Rae1 Rac8 17. Bg5 f6 18. Bc1 Nc7 19. g3 Kf7 20. c4 b6 21. b4 Bf8 22. Bf4 Bd6 23. Bc1 c5 24. dxc5 bxc5 25. b5 e5 26. R4e2 Ne6 27. Rb2 Bc7 28. Bd2 Rd3 29. Re3 Rcd8 30. a4 e4 31. Rxd3 Rxd3 32. Ne1 Ra3 33. a5 Bxa5 34. Nc2 Ra4 35. Bxa5 Rxa5 36. Ne3 h5 37. Nf5 Ra4 38. b6 axb6 1/2-1/2

[Event "Banska Stiavnica V4 op"]
[Site "Banska Stiavnica"]
[Date "2016.07.04"]
[Round "3"]
[White "Kovacs, Elod"]
[Black "Zvarik, Martin"]
[Result "0-1"]
[WhiteElo "2101"]
[BlackElo "2319"]
[PlyCount "92"]
[EventDate "2016.07.02"]
[EventType "swiss"]
[EventRounds "9"]
[EventCountry "SVK"]
[SourceTitle "CBM 173 Extra"]
[Source "ChessBase"]
[SourceDate "2016.08.29"]
[SourceVersion "1"]
[SourceVersionDate "2016.08.29"]
[SourceQuality "1"]

1. d4 Nf6 2. c4 d6 3. Nf3 Bg4 4. Qb3 Qc8 5. h3 Bh5 6. Bf4 Nbd7 7. Nbd2 c5 8. e3 Bxf3 9. Nxf3 g6 10. Be2 Bg7 11. 0-0 0-0 12. Rac1 Ne8 13. Bg5 f6 14. Bh4 e5 15. dxc5 Nxc5 16. Qc2 a5 17. Rfd1 Rf7 18. Nd2 g5 19. Bg3 f5 20. f3 Bf8 21. Bf2 b6 22. b3 Nf6 23. a3 g4 24. Kh2 Bh6 25. b4 Nb7 26. Qb3 a4 27. Qd3 e4 28. fxe4 f4 29. exf4 Bxf4+ 30. Bg3 Bxg3+ 31. Qxg3 Rg7 32. Rf1 Qe6 33. Bxg4 Nxg4+ 34. hxg4 Qh6+ 35. Kg1 Qxd2 36. Rcd1 Qe2 37. Qf3 Qxc4 38. Rd5 Kh8 39. g5 Rag8 40. Qf4 Nd8 41. Rc1 Qe2 42. Rd2 Ne6 43. Rxe2 Nxf4 44. Rd2 Rxg5 45. Rc6 Nxg2 46. Rcxd6 Ne3+ 0-1

[Event "HUN-chT2 Charousek 1516"]
[Site "Hungary"]
[Date "2015.11.08"]
[Round "2.8"]
[White "Kovacs, Elod"]
[Black "Marton, Jozsef"]
[Result "1/2-1/2"]
[WhiteElo "2113"]
[BlackElo "2139"]
[PlyCount "21"]
[EventDate "2015.10.18"]
[EventType "team-tourn"]
[EventRounds "9"]
[EventCountry "HUN"]
[SourceTitle "CBM 170 Extra"]
[Source "ChessBase"]
[SourceDate "2016.02.25"]
[SourceVersion "1"]
[SourceVersionDate "2016.02.25"]
[SourceQuality "1"]
[WhiteTeam "Balatonfuered"]
[BlackTeam "Tapolca Rockwool"]
[WhiteTeamCountry "HUN"]
[BlackTeamCountry "HUN"]

1. Nf3 d5 2. g3 Nf6 3. Bg2 e6 4. 0-0 Be7 5. c4 0-0 6. d4 b6 7. Ne5 Bb7 8. Nc3 Na6 9. Qa4 Qe8 10. Qb3 c5 11. Qd1 1/2-1/2

[Event "SVK-ch op"]
[Site "Banska Stiavnica"]
[Date "2015.07.04"]
[Round "1"]
[White "Kovacs, Elod"]
[Black "Kamas, Samuel"]
[Result "1-0"]
[WhiteElo "2164"]
[BlackElo "1805"]
[PlyCount "91"]
[EventDate "2015.07.04"]
[EventType "swiss"]
[EventRounds "9"]
[EventCountry "SVK"]
[SourceTitle "CBM 167 Extra"]
[Source "ChessBase"]
[SourceDate "2015.09.14"]
[SourceVersion "1"]
[SourceVersionDate "2015.09.14"]
[SourceQuality "1"]

1. Nf3 Nc6 2. d4 d5 3. g3 Bf5 4. Bg2 Nf6 5. 0-0 e6 6. c4 Be7 7. b3 0-0 8. Bb2 h6 9. Nbd2 Ne4 10. a3 Bf6 11. Rc1 Ne7 12. b4 c6 13. e3 b5 14. c5 Bg4 15. Nb3 Ng5 16. h4 Nxf3+ 17. Bxf3 Bxf3 18. Qxf3 a6 19. Kg2 Nf5 20. h5 Bg5 21. Ra1 Bf6 22. a4 Qd7 23. Ra2 Rfc8 24. Rfa1 Qd8 25. Bc3 Kh8 26. Kf1 Kg8 27. Be1 Bg5 28. Na5 Rab8 29. g4 Ne7 30. Qg3 Kh8 31. f4 Bf6 32. Qg2 Ng8 33. Bg3 Bh4 34. Bh2 Be7 35. f5 Ra8 36. Nxc6 Rxc6 37. axb5 Rcc8 38. bxa6 Qd7 39. Qe2 exf5 40. b5 Nf6 41. b6 Nxg4 42. Bf4 Rcb8 43. b7 Re8 44. bxa8Q Rxa8 45. Rb1 Qc8 46. a7 1-0

[Event "HUN-chT2 Charousek 1415"]
[Site "Hungary"]
[Date "2015.01.25"]
[Round "5"]
[White "Kovacs, Elod"]
[Black "Szabo, Richard"]
[Result "1/2-1/2"]
[WhiteElo "2146"]
[BlackElo "2189"]
[PlyCount "59"]
[EventDate "2014.10.12"]
[EventType "team-tourn"]
[EventRounds "9"]
[EventCountry "HUN"]
[SourceTitle "EXT 2016"]
[Source "ChessBase"]
[SourceDate "2015.10.08"]
[SourceVersion "1"]
[SourceVersionDate "2015.10.08"]
[SourceQuality "1"]
[WhiteTeam "Balatonfuered"]
[BlackTeam "Decs"]
[WhiteTeamCountry "HUN"]
[BlackTeamCountry "HUN"]

1. d4 Nf6 2. c4 d6 3. Nf3 Nbd7 4. Nc3 e5 5. e4 Be7 6. Be2 0-0 7. 0-0 Re8 8. Qc2 a5 9. b3 c6 10. Rd1 Qc7 11. Bb2 Bf8 12. h3 h6 13. Rac1 Nh7 14. a3 Ng5 15. d5 Nxf3+ 16. Bxf3 Nc5 17. b4 Na6 18. Qb3 c5 19. Nb5 Qb6 20. bxa5 Qxa5 21. Bc3 Qb6 22. a4 Bd7 23. Rb1 Reb8 24. Qc2 Qd8 25. Rb2 Nc7 26. Rdb1 Nxb5 27. cxb5 b6 28. Ra2 Rb7 29. Rba1 Qg5 30. Bd2 1/2-1/2

[Event "HUN-chT2 Charousek 1415"]
[Site "Hungary"]
[Date "2014.11.16"]
[Round "2"]
[White "Bihercz, Gabor"]
[Black "Kovacs, Elod"]
[Result "1-0"]
[WhiteElo "2121"]
[BlackElo "2146"]
[PlyCount "59"]
[EventDate "2014.10.12"]
[EventType "team-tourn"]
[EventRounds "9"]
[EventCountry "HUN"]
[SourceTitle "EXT 2016"]
[Source "ChessBase"]
[SourceDate "2015.10.08"]
[SourceVersion "1"]
[SourceVersionDate "2015.10.08"]
[SourceQuality "1"]
[WhiteTeam "Komlo"]
[BlackTeam "Balatonfuered"]
[WhiteTeamCountry "HUN"]
[BlackTeamCountry "HUN"]

1. e4 c6 2. b3 d5 3. exd5 cxd5 4. Ba3 g6 5. d4 Bg7 6. Nf3 Nc6 7. c3 a6 8. Bd3 Nh6 9. 0-0 0-0 10. Re1 Re8 11. Nbd2 e5 12. dxe5 Ng4 13. Bd6 Ngxe5 14. Bxe5 Nxe5 15. Nxe5 Rxe5 16. Qc2 Qc7 17. Nf3 Rxe1+ 18. Rxe1 Bg4 19. c4 Bxf3 20. gxf3 Qf4 21. cxd5 Be5 22. Re4 Qxh2+ 23. Kf1 Bd6 24. Ke2 Rd8 25. Qc3 Qh5 26. Qf6 Rd7 27. Re8+ Bf8 28. d6 Qh6 29. Bf5 Qf4 30. Rxf8+ 1-0

[Event "Poznan op 22nd"]
[Site "Poznan"]
[Date "2014.08.15"]
[Round "8"]
[White "Kovacs, Elod"]
[Black "Chojnacki, Krzysztof"]
[Result "0-1"]
[WhiteElo "2145"]
[BlackElo "2385"]
[PlyCount "72"]
[EventDate "2014.08.09"]
[EventType "swiss"]
[EventRounds "9"]
[EventCountry "POL"]
[SourceTitle "CBM 161 Extra"]
[Source "ChessBase"]
[SourceDate "2014.08.29"]
[SourceVersion "1"]
[SourceVersionDate "2014.08.29"]
[SourceQuality "1"]

1. d4 Nf6 2. c4 g6 3. Nc3 Bg7 4. e4 d6 5. Be2 0-0 6. Nf3 e5 7. dxe5 dxe5 8. Qxd8 Rxd8 9. Bg5 Nbd7 10. 0-0-0 Rf8 11. Nd2 c6 12. b4 a5 13. a3 Re8 14. Be3 Bf8 15. c5 b6 16. b5 Bxc5 17. bxc6 Bxe3 18. fxe3 Nb8 19. Bb5 Re6 20. Nd5 Nxc6 21. Nc7 Na7 22. a4 Nxb5 23. axb5 Ra7 24. Nxe6 Bxe6 25. Nf3 Rc7+ 26. Kb2 Rc5 27. Ka3 Rc3+ 28. Kb2 Rb3+ 29. Ka1 Nxe4 30. Nxe5 Rxb5 31. Nd3 Rb3 32. Nf4 Ra3+ 33. Kb2 Ra2+ 34. Kc1 Bb3 35. Rd3 a4 36. Rhd1 Ra1+ 0-1

[Event "Poznan op 22nd"]
[Site "Poznan"]
[Date "2014.08.14"]
[Round "7"]
[White "Przybylski, Wojciech"]
[Black "Kovacs, Elod"]
[Result "1/2-1/2"]
[WhiteElo "2325"]
[BlackElo "2145"]
[PlyCount "103"]
[EventDate "2014.08.09"]
[EventType "swiss"]
[EventRounds "9"]
[EventCountry "POL"]
[SourceTitle "CBM 161 Extra"]
[Source "ChessBase"]
[SourceDate "2014.08.29"]
[SourceVersion "1"]
[SourceVersionDate "2014.08.29"]
[SourceQuality "1"]

1. e4 d5 2. exd5 Qxd5 3. Nc3 Qa5 4. Rb1 e6 5. a3 c6 6. b4 Qc7 7. Nf3 Nf6 8. d4 Nbd7 9. Bd3 Bd6 10. 0-0 h6 11. Qe2 Nd5 12. Ne4 N7f6 13. Nxd6+ Qxd6 14. Qd2 b5 15. a4 a5 16. axb5 axb4 17. Ne5 cxb5 18. Bxb5+ Bd7 19. Nxd7 Nxd7 20. Rb3 Rc8 21. Rg3 g6 22. Re1 Rc3 23. Bb2 Rxg3 24. hxg3 Kf8 25. Ra1 Kg7 26. Bd3 N7f6 27. Ra6 Qc7 28. Qe1 h5 29. Qe5 h4 30. Qxc7 Nxc7 31. Ra7 Ncd5 32. gxh4 Rxh4 33. g3 Rh8 34. Kg2 Rd8 35. Rb7 Ra8 36. Bc4 Rc8 37. Bb3 Ne4 38. Bc1 Nd6 39. Rd7 Nc4 40. Bf4 Nxf4+ 41. gxf4 Kf6 42. Rb7 Na3 43. d5 Nxc2 44. Bxc2 Rxc2 45. dxe6 Kxe6 46. Rxb4 Rc5 47. Kg3 Kf5 48. Ra4 Rc3+ 49. f3 Rc1 50. Ra5+ Kf6 51. Ra7 Rc4 52. Rb7 1/2-1/2

[Event "Poznan op 22nd"]
[Site "Poznan"]
[Date "2014.08.13"]
[Round "6"]
[White "Kovacs, Elod"]
[Black "Zakrzewski, Marek"]
[Result "1-0"]
[WhiteElo "2145"]
[BlackElo "2157"]
[PlyCount "119"]
[EventDate "2014.08.09"]
[EventType "swiss"]
[EventRounds "9"]
[EventCountry "POL"]
[SourceTitle "CBM 161 Extra"]
[Source "ChessBase"]
[SourceDate "2014.08.29"]
[SourceVersion "1"]
[SourceVersionDate "2014.08.29"]
[SourceQuality "1"]

1. d4 Nf6 2. Nf3 c5 3. d5 e6 4. Nc3 exd5 5. Nxd5 Nxd5 6. Qxd5 Be7 7. e4 0-0 8. Bc4 d6 9. 0-0 Be6 10. Qd3 Nc6 11. c3 Ne5 12. Nxe5 dxe5 13. Qxd8 Rfxd8 14. Bxe6 fxe6 15. Be3 Kf7 16. Rfd1 Kg6 17. Kf1 b6 18. Ke2 Bg5 19. f3 Bxe3 20. Kxe3 Kf6 21. h4 Ke7 22. g4 Rxd1 23. Rxd1 Rf8 24. c4 Rd8 25. Rxd8 Kxd8 26. f4 Ke7 27. fxe5 h6 28. g5 hxg5 29. h5 Kf7 30. Kf3 Kg8 31. Kg4 Kh8 32. Kxg5 Kh7 33. b3 a6 34. a3 b5 35. a4 bxa4 36. bxa4 a5 37. h6 gxh6+ 38. Kf6 h5 39. Kxe6 h4 40. Kd6 h3 41. e6 h2 42. e7 h1Q 43. e8Q Qg1 44. Qh5+ Kg8 45. Qd5+ Kh8 46. e5 Qg3 47. Kxc5 Qa3+ 48. Kb5 Qb4+ 49. Ka6 Qxa4 50. e6 Qb4 51. c5 Qe1 52. c6 Qf1+ 53. Kxa5 Qa1+ 54. Kb6 Qb2+ 55. Kc7 Qh2+ 56. Kc8 Qe2 57. e7 Qa6+ 58. Kd7 Qa7+ 59. c7 Qa4+ 60. Kd8 1-0

[Event "Poznan op 22nd"]
[Site "Poznan"]
[Date "2014.08.10"]
[Round "2"]
[White "Kovacs, Elod"]
[Black "Glatty, Zbigniew"]
[Result "1/2-1/2"]
[WhiteElo "2145"]
[BlackElo "1883"]
[PlyCount "84"]
[EventDate "2014.08.09"]
[EventType "swiss"]
[EventRounds "9"]
[EventCountry "POL"]
[SourceTitle "CBM 161 Extra"]
[Source "ChessBase"]
[SourceDate "2014.08.29"]
[SourceVersion "1"]
[SourceVersionDate "2014.08.29"]
[SourceQuality "1"]

1. c4 Nf6 2. Nc3 e6 3. d4 d5 4. Nf3 c6 5. e3 Bd6 6. Bd3 Nbd7 7. e4 dxe4 8. Nxe4 Nxe4 9. Bxe4 Bb4+ 10. Ke2 Be7 11. Re1 0-0 12. Kf1 Nf6 13. Bc2 Re8 14. Qd3 g6 15. Qc3 a5 16. Rd1 b5 17. Ne5 Bd7 18. b3 Ra6 19. Bb2 Bf8 20. Qf3 Bg7 21. h4 Rf8 22. Ba3 b4 23. Bc1 Ne8 24. h5 Nd6 25. g4 Be8 26. hxg6 fxg6 27. Qg3 Nf7 28. Be3 Qf6 29. Nxf7 Qxf7 30. Rac1 Qf3 31. Qxf3 Rxf3 32. Be4 Rf8 33. d5 exd5 34. cxd5 cxd5 35. Bxd5+ Kh8 36. Bc5 Rf4 37. Be3 Rf8 38. Kg2 Bb5 39. Bc4 Bc6+ 40. Bd5 Bb5 41. Bc4 Bc6+ 42. Bd5 Bb5 1/2-1/2

[Event "Poznan op 22nd"]
[Site "Poznan"]
[Date "2014.08.09"]
[Round "1"]
[White "Wojdak, Karol"]
[Black "Kovacs, Elod"]
[Result "0-1"]
[WhiteElo "1571"]
[BlackElo "2145"]
[PlyCount "68"]
[EventDate "2014.08.09"]
[EventType "swiss"]
[EventRounds "9"]
[EventCountry "POL"]
[SourceTitle "CBM 161 Extra"]
[Source "ChessBase"]
[SourceDate "2014.08.29"]
[SourceVersion "1"]
[SourceVersionDate "2014.08.29"]
[SourceQuality "1"]

1. e4 c5 2. Nf3 d6 3. d4 cxd4 4. Nxd4 Nf6 5. Nc3 a6 6. Bd3 e6 7. Be3 b5 8. 0-0 Bb7 9. f3 Be7 10. Qd2 Nbd7 11. a4 b4 12. Nce2 d5 13. exd5 Nxd5 14. Bf2 0-0 15. Nb3 Rc8 16. Rfd1 Bg5 17. f4 Bh6 18. Be4 N7f6 19. Bxd5 Bxd5 20. Nc5 Qa5 21. Nd3 Bc4 22. b3 Ne4 23. Qxb4 Qxb4 24. Nxb4 Bxe2 25. Re1 a5 26. Rxe2 Nc3 27. Ree1 axb4 28. g3 Rc6 29. Bd4 Nd5 30. Rac1 g6 31. Re2 Bg7 32. Bxg7 Kxg7 33. Kf2 Rc3 34. Rd2 Rfc8 0-1

[Event "HUN-chT2 Szechenyi 1314"]
[Site "Hungary"]
[Date "2014.03.02"]
[Round "8.4"]
[White "Csaba, Arpad Jr"]
[Black "Kovacs, Elod"]
[Result "1-0"]
[WhiteElo "2114"]
[BlackElo "2161"]
[PlyCount "179"]
[EventDate "2013.09.08"]
[EventType "team-tourn"]
[EventRounds "11"]
[EventCountry "HUN"]
[SourceTitle "EXT 2016"]
[Source "ChessBase"]
[SourceDate "2015.10.08"]
[SourceVersion "1"]
[SourceVersionDate "2015.10.08"]
[SourceQuality "1"]
[WhiteTeam "Ajka Banyasz"]
[BlackTeam "Balatonfuered"]
[WhiteTeamCountry "HUN"]
[BlackTeamCountry "HUN"]

1. d4 g6 2. c3 Bg7 3. f4 Nf6 4. Nf3 b6 5. e3 Bb7 6. Bd3 c5 7. 0-0 d5 8. Ne5 e6 9. Nd2 Nfd7 10. Qe1 Ba6 11. Bxa6 Nxa6 12. Ndf3 Nf6 13. b3 0-0 14. g4 Ne4 15. g5 b5 16. h4 Rc8 17. Bb2 Qe7 18. Rc1 c4 19. Rc2 Nb8 20. h5 Rfd8 21. hxg6 fxg6 22. Qh4 Nd7 23. Ng4 Nf8 24. b4 a5 25. Bc1 axb4 26. cxb4 Ra8 27. a3 Rd7 28. Rh2 Rc7 29. Nh6+ Bxh6 30. Qxh6 Qg7 31. Qh3 Nd6 32. Ne5 Ne4 33. Ng4 Kf7 34. Ne5+ Ke7 35. Qh6 Qxh6 36. Rxh6 Kd6 37. Kg2 Rca7 38. Rfh1 Rg7 39. Kf3 Raa7 40. R1h2 Ra8 41. R6h3 Raa7 42. Rh6 Rae7 43. R6h3 Nd7 44. Ng4 Kc7 45. Rh1 Kd8 46. Ke2 Ke8 47. Kd1 Kf8 48. Kc2 Kg8 49. Bb2 Kh8 50. Ra1 Re8 51. Rah1 c3 52. Bc1 Rc8 53. R1h2 Nb6 54. Ne5 Kg8 55. Nd3 Na4 56. Nc5 Naxc5 57. bxc5 Ra8 58. Kb3 Ra4 59. Rg2 Rga7 60. Rhh2 Rc4 61. Ra2 Rb7 62. Rhc2 Ra4 63. Rg2 Ra8 64. Rh2 Ra4 65. Rhg2 Rc4 66. Rh2 e5 67. fxe5 Nxg5 68. Rhf2 Ne4 69. Rf3 Kg7 70. Rf4 g5 71. Rg2 Kg6 72. Rf8 Rf7 73. Rg8+ Kf5 74. Rd8 h5 75. Rxd5 Ke6 76. Rd8 Rf1 77. Kc2 h4 78. Rh8 Ra4 79. Rh6+ Kf7 80. d5 g4 81. e6+ Kg7 82. e7 Ra8 83. Rxg4+ Kxh6 84. Rxe4 Re8 85. d6 Rf2+ 86. Kxc3 h3 87. Rh4+ Kg6 88. d7 Rff8 89. exf8Q Rxf8 90. Rxh3 1-0

[Event "HUN-chT2 Szechenyi 1314"]
[Site "Hungary"]
[Date "2013.10.20"]
[Round "3.3"]
[White "Kovacs, Elod"]
[Black "Szeles, Karoly"]
[Result "0-1"]
[WhiteElo "2161"]
[BlackElo "2210"]
[PlyCount "74"]
[EventDate "2013.09.08"]
[EventType "team-tourn"]
[EventRounds "11"]
[EventCountry "HUN"]
[SourceTitle "EXT 2016"]
[Source "ChessBase"]
[SourceDate "2015.10.08"]
[SourceVersion "1"]
[SourceVersionDate "2015.10.08"]
[SourceQuality "1"]
[WhiteTeam "Balatonfuered"]
[BlackTeam "Zala Volan"]
[WhiteTeamCountry "HUN"]
[BlackTeamCountry "HUN"]

1. d4 d5 2. c4 e6 3. Nc3 c5 4. cxd5 cxd4 5. Qxd4 Nc6 6. Qd1 exd5 7. Qxd5 Be6 8. Qxd8+ Rxd8 9. e3 Nb4 10. Bb5+ Ke7 11. Kf1 Nf6 12. f3 a6 13. Be2 g5 14. e4 h6 15. Be3 Ke8 16. Bb6 Rd6 17. Bf2 Rd2 18. a3 Nc6 19. b4 Nd7 20. Rc1 Bg7 21. Be3 Rb2 22. h4 gxh4 23. Nd5 Rb3 24. Kf2 Rxa3 25. Nc7+ Ke7 26. Nxe6 fxe6 27. b5 axb5 28. Bxb5 Nd4 29. Rb1 Nc2 30. Bxd7 Nxe3 31. Rxb7 Bd4 32. Ba4+ Kf6 33. Bb3 Rg8 34. g4 Nxg4+ 35. Ke2 Ne5 36. f4 Rg2+ 37. Kf1 Rf2+ 0-1

[Event "HUN-chT2 Szechenyi 1314"]
[Site "Hungary"]
[Date "2013.09.08"]
[Round "1.3"]
[White "Kovacs, Elod"]
[Black "Kiss, Judit"]
[Result "1-0"]
[WhiteElo "2161"]
[BlackElo "2026"]
[PlyCount "51"]
[EventDate "2013.09.08"]
[EventType "team-tourn"]
[EventRounds "11"]
[EventCountry "HUN"]
[SourceTitle "EXT 2016"]
[Source "ChessBase"]
[SourceDate "2015.10.08"]
[SourceVersion "1"]
[SourceVersionDate "2015.10.08"]
[SourceQuality "1"]
[WhiteTeam "Balatonfuered"]
[BlackTeam "Keszthely Spartacus"]
[WhiteTeamCountry "HUN"]
[BlackTeamCountry "HUN"]

1. Nf3 Nf6 2. d4 g6 3. c4 Bg7 4. Nc3 d6 5. e4 0-0 6. Be2 c5 7. d5 Nbd7 8. 0-0 a6 9. a4 b6 10. h3 Ne8 11. Bg5 Ne5 12. Nxe5 dxe5 13. Qd2 Nd6 14. a5 Bd7 15. axb6 f6 16. Be3 Qxb6 17. b4 Qxb4 18. Rfb1 Nxc4 19. Rxb4 Nxd2 20. Rb6 Nxe4 21. Nxe4 f5 22. Nxc5 e4 23. Nxd7 Rfd8 24. Raxa6 Rxa6 25. Bxa6 Rxd7 26. Bc8 1-0

[Event "HUN-chT2 Charousek 1213"]
[Site "Hungary"]
[Date "2013.04.21"]
[Round "11"]
[White "Biro, Andras"]
[Black "Kovacs, Elod"]
[Result "0-1"]
[WhiteElo "2276"]
[BlackElo "2213"]
[PlyCount "68"]
[EventDate "2012.09.16"]
[EventType "team-tourn"]
[EventRounds "11"]
[EventCountry "HUN"]
[SourceTitle "EXT 2014"]
[Source "ChessBase"]
[SourceDate "2013.11.20"]
[SourceVersion "1"]
[SourceVersionDate "2013.11.20"]
[SourceQuality "1"]
[WhiteTeam "MLTC II"]
[BlackTeam "Balatonfuered"]
[WhiteTeamCountry "HUN"]
[BlackTeamCountry "HUN"]

1. e4 c5 2. Nf3 Nc6 3. Bb5 e6 4. 0-0 Nge7 5. b3 e5 6. c3 g6 7. d4 exd4 8. cxd4 Bg7 9. Bb2 0-0 10. Qd2 a6 11. Be2 d5 12. exd5 Nxd5 13. Rd1 Qf6 14. Na3 Nf4 15. Nc2 Nxe2+ 16. Qxe2 Bg4 17. Rd3 Bf5 18. Rdd1 Rfe8 19. Ne3 Be4 20. Ne5 Nxd4 21. Bxd4 cxd4 22. N3g4 Qf5 23. Rxd4 Rxe5 24. Re1 Bf3 25. Qxe5 Bxg4 26. Qxf5 Bxf5 27. Rc4 Be6 28. Rc7 b5 29. h3 h5 30. Rc6 a5 31. Rc5 b4 32. Rd1 a4 33. Rb5 axb3 34. axb3 Bc3 0-1

[Event "HUN-chT2 Charousek 1213"]
[Site "Hungary"]
[Date "2012.12.02"]
[Round "5"]
[White "Kovacs, Elod"]
[Black "Pinterne, Kovacs Marta"]
[Result "1/2-1/2"]
[WhiteElo "2213"]
[BlackElo "2136"]
[PlyCount "35"]
[EventDate "2012.09.16"]
[EventType "team-tourn"]
[EventRounds "11"]
[EventCountry "HUN"]
[SourceTitle "EXT 2014"]
[Source "ChessBase"]
[SourceDate "2013.11.20"]
[SourceVersion "1"]
[SourceVersionDate "2013.11.20"]
[SourceQuality "1"]
[WhiteTeam "Balatonfuered"]
[BlackTeam "Alsoszolnok"]
[WhiteTeamCountry "HUN"]
[BlackTeamCountry "HUN"]

1. d4 d5 2. c4 e6 3. Nc3 f5 4. Nf3 Nf6 5. g3 c6 6. Bg2 Bd6 7. 0-0 0-0 8. Qc2 Qe7 9. a3 Bd7 10. Ne5 Be8 11. e3 Nbd7 12. f4 Ne4 13. Nxd7 Bxd7 14. Nxe4 fxe4 15. b4 g5 16. Kh1 gxf4 17. gxf4 Qh4 18. Qf2 1/2-1/2

[Event "HUN-chT2 Charousek 1112"]
[Site "Hungary"]
[Date "2012.02.19"]
[Round "6"]
[White "Sipos, Janos"]
[Black "Kovacs, Elod"]
[Result "1/2-1/2"]
[WhiteElo "2259"]
[BlackElo "2236"]
[PlyCount "48"]
[EventDate "2011.09.25"]
[EventType "team-tourn"]
[EventRounds "11"]
[EventCountry "HUN"]
[SourceTitle "EXT 2013"]
[Source "ChessBase"]
[SourceDate "2012.11.22"]
[SourceVersion "1"]
[SourceVersionDate "2012.11.22"]
[SourceQuality "1"]
[WhiteTeam "Aquaprofit II"]
[BlackTeam "Balatonfuered"]
[WhiteTeamCountry "HUN"]
[BlackTeamCountry "HUN"]

1. c4 e6 2. g3 Nf6 3. Bg2 c5 4. Nf3 Nc6 5. 0-0 d5 6. e3 dxc4 7. Na3 Be7 8. Nxc4 0-0 9. a3 Qc7 10. d3 b5 11. Ncd2 Bb7 12. Qc2 Qb6 13. b3 Rfd8 14. Bb2 Rac8 15. Rfd1 a6 16. Rac1 Nd5 17. Ne4 Na5 18. Ba1 Bf8 19. Rd2 Ba8 20. Qb2 Qa7 21. Rdc2 c4 22. bxc4 bxc4 23. dxc4 Nxe3 24. Nf6+ Kh8 1/2-1/2